| 000 | 00000nam##2200000za#4500 |
| 001 | 9.579166 |
| 003 | CaOODSP |
| 005 | 20210624190432 |
| 007 | cr ||||||||||| |
| 008 | 150406|1998||||xxc|||||o f|0| 0 eng|d |
| 022 | |a1488-5379 |
| 040 | |aCaOODSP|beng |
| 043 | |an-cn--- |
| 086 | 1 |aFs97-6/2217E-PDF |
| 110 | 1 |aCanada. |bDepartment of Fisheries and Oceans. |
| 245 | 10|aStock assessment for British Columbia herring in 1997 and forecasts of the potential catch in 1998 / |h[electronic resource]|cby J.F. Schweigert, C. Fort, and R. Tanasichuk. |
| 260 | |aNanaimo - British Columbia : |bFisheries and Oceans Canada |c1998. |
| 300 | |a74p.|bfigs., references, tables |
| 490 | 1 |aCanadian technical report of fisheries and aquatic sciences|x1488-5379|vNo. 2217 |
| 500 | |aOn t. p.: Science Branch, Pacific Region, Nanaimo, British Columbia. The catalogue number and ISSN for the print edition appear in the PDF version. |
| 546 | |a(Résumé en français) |
| 590 | |a14-06-Supp|b2014-03-21 |
| 720 | 1 |aTanasichuk, R. W. |
| 720 | 1 |aFort, C. |
| 720 | 1 |aSchweigert, J. F. |
| 830 | #0|aCanadian technical report of fisheries and aquatic sciences,|x1488-5379|vNo. 2217|w(CaOODSP)9.504449 |
| 856 | 40|ahttp://publications.gc.ca|qPDF|s6310 KB|uhttps://publications.gc.ca/collections/collection_2014/mpo-dfo/Fs97-6-2217-eng.pdf|yNo. 2217 |